Vybrané metódy riadenia rizík pri implementácii parciálnych interných modelov pre stanovenie kapitálovej požiadavky na solventnosť recenzovaný monografický zborník vedeckých prác

Gespeichert in:
Bibliographische Detailangaben
Körperschaft: Fakulta hospodárskej informatiky EU. Katedra matematiky a aktuárstva
Weitere Verfasser: Krčová, Ingrid, 1969-, Bilíková, Mária, 1951-, Sakálová, Katarína, 1955-
Format: Buch
Sprache:Slowakisch
Englisch
Veröffentlicht: Litomyšl H.R.G. 2025
Ausgabe:1. vydanie
Schlagworte:
Tags: Tag hinzufügen
Keine Tags, Fügen Sie das erste Tag hinzu!

MARC

LEADER 00000nam a2200000 4500
001 0313214
005 20251119090619.2
020 |a 978-80-7490-415-8 
041 0 |a slo 
041 0 |a eng 
044 |a CZ 
245 1 0 |a Vybrané metódy riadenia rizík pri implementácii parciálnych interných modelov pre stanovenie kapitálovej požiadavky na solventnosť  |b recenzovaný monografický zborník vedeckých prác  |c zostavovateľ / Editor: Ingrid Krčová ; recenzenti / Reviewers: Mária Bilíková, Katarína Sakálová 
250 |a 1. vydanie 
264 1 |a Litomyšl  |b H.R.G.  |c 2025 
300 |a 105 s. [4,37 AH] 
610 2 0 |a riadenie rizík 
610 2 0 |a implementácia 
610 2 0 |a modely 
610 2 0 |a modely regresné 
610 2 0 |a modelovanie 
610 2 0 |a kapitál 
610 2 0 |a solventnosť 
610 2 0 |a učenie strojové 
610 2 0 |a poisťovne 
610 2 0 |a riziko 
700 1 |a Krčová, Ingrid, 1969- 
700 1 |a Bilíková, Mária, 1951- 
700 1 |a Sakálová, Katarína, 1955- 
710 2 |a Fakulta hospodárskej informatiky EU. Katedra matematiky a aktuárstva